Constitución de la nación argentina : artículos, comentarios y actividades

Guardado en:
Formato: Libro
Publicado: Buenos Aires : Santillana, 2008
Materias:
Etiquetas: Agregar Etiqueta
Sin Etiquetas, Sea el primero en etiquetar este registro!
LEADER 00743nam a22001815a 4500
001 CEM.cems018082
005 20131017113619.0
008 130507s2008##################000#0#####d
003 CEMS
020 |a 9789504606420 
082 0 4 |a 342.82 
245 0 0 |a Constitución de la nación argentina :  |b artículos, comentarios y actividades 
260 |a Buenos Aires :  |b  Santillana,  |c 2008 
300 |a 190 p. 
505 0 |a La constitución nacional a través de la historia -- Preámbulo -- Autoridades de la Nación -- Poder legislativo -- Poder ejecutivo -- Poder judicial -- Del ministerio público -- Gobiernos de provincia 
653 |a Argentina-constitución 
653 |a Constitución 
859 |a CEMS  |b BIB. CEMS - Agricultura  |h 342.82  |i Ar37-5  |p A1913.13  |t Ej.1